Pri pamätníku sovietskym vojakom chcú vyrúbať 21 stromov ochranári súhlasia len v prípade rekonštrukcie

Bibliographic Details
Main Author: Jabrik, Peter (Author)
Format: Article
Language:Slovak
PhysicalDescription:Fotogr.
ISSN:1338-659X
Subjects:
Online Access:http://kosice.korzar.sme.sk/c/8130516/pri-pamatniku-v-centre-kosic-chcu-vyrubat-21-stromov.html

MARC

LEADER 00000nab a2200000 a 4500
001 vtls011479917
003 SK-MaSNL
005 20260303094414.0
008 171108c20160203xo drz 0 0slo
038 |a KEVKJB 
040 |a KEVKJB  |b slo  |c KEVKJB  |e AACR2 
041 0 |a slo 
044 |a xo  |c SK 
080 |a 725.945  |2 2001 
100 1 |a Jabrik, Peter  |4 aut  |9 879309 
245 1 0 |a Pri pamätníku sovietskym vojakom chcú vyrúbať 21 stromov  |b ochranári súhlasia len v prípade rekonštrukcie  |c Peter Jabrik 
300 |b Fotogr. 
650 0 7 |a Pamätník padlým vojakom Sovietskej armády (Košice, Slovensko)  |2 kevkjb  |9 30297 
651 7 |a stromy  |x výrub  |z Košice (Slovensko)  |2 kevkjb  |9 1039733 
651 7 |a pamätníky  |z Košice (Slovensko)  |2 kevkjb  |9 1034793 
651 7 |a Košice (Slovensko)  |2 kevkjb  |9 18694 
651 7 |a Námestie osloboditeľov (Košice, Slovensko)  |2 kevkjb  |9 29665 
773 0 |t Korzár : denník Košického kraja  |g Roč. XIX., č. 27 (3.2.2016) s. 3  |x 1338-659X 
852 |a KEVKJB  |b KIS3GCP 
856 4 1 |u http://kosice.korzar.sme.sk/c/8130516/pri-pamatniku-v-centre-kosic-chcu-vyrubat-21-stromov.html 
999 |c 1820504  |d 1822434